Govt. of
Madhya Pradesh

Kabul With Preamble (Record no. 14619)

MARC details
000 -LEADER
fixed length control field 005130000a22001930004500
001 - CONTROL NUMBER
control field 002710
003 - CONTROL NUMBER IDENTIFIER
control field MACL
005 - DATE AND TIME OF LATEST TRANSACTION
control field 20151004145717.0
008 - FIXED-LENGTH DATA ELEMENTS--GENERAL INFORMATION
fixed length control field 151004b xxu||||| |||| 00| 0 eng d
040 ## - CATALOGING SOURCE
Original cataloging agency MACL
Transcribing agency MACL
041 ## - LANGUAGE CODE
Language code of text/sound track or separate title English
082 ## - DEWEY DECIMAL CLASSIFICATION NUMBER
Classification number 910/ALI
100 ## - MAIN ENTRY--PERSONAL NAME
Personal name Ali, Syed Mujtaba
9 (RLIN) 13687
245 ## - TITLE STATEMENT
Title Kabul With Preamble
Remainder of title 1927-1929 A Saga In Prose
Statement of responsibility, etc. Syed Mujtaba Ali
260 ## - PUBLICATION, DISTRIBUTION, ETC. (IMPRINT)
Place of publication, distribution, etc. Kolkata
Date of publication, distribution, etc. 2005
Name of publisher, distributor, etc. Danga Prokashika,
350 ## - PRICE (NR) (BK AM CF MU VM SE) [OBSOLETE]
Price 200
650 ## - SUBJECT ADDED ENTRY--TOPICAL TERM
Topical term or geographic name as entry element Geography And Travels
9 (RLIN) 13688
942 ## - ADDED ENTRY ELEMENTS (KOHA)
Call number prefix 910
Koha item type Books
Source of classification or shelving scheme
Holdings
Withdrawn status Lost status Source of classification or shelving scheme Damaged status Not for loan Home library Current library Date acquired Cost, normal purchase price Total Checkouts Full call number Barcode Date last seen Date last checked out Uniform Resource Identifier Price effective from Koha item type
          MACL MACL 15/04/2015 200.00 1 910/ALI CRE019190 02/05/2024 11/05/2018 14505 15/04/2015 Books